| 000 | 005230000a22001930004500 | ||
|---|---|---|---|
| 001 | 002241 | ||
| 003 | MACL | ||
| 005 | 20150814121444.0 | ||
| 008 | 150814b xxu||||| |||| 00| 0 eng d | ||
| 040 |
_aMACL _cMACL |
||
| 041 | _aEnglish | ||
| 082 | _a491.2/BAN | ||
| 100 |
_aBahadur, S.P. _95531 |
||
| 245 |
_aComplete works of Goswami Tulsidas _bRamacharimanasa _cS.P. Bahadur |
||
| 260 |
_aNew Delhi _c1994 _bMunshiram Manoharlal Publisher Pvt Ltd, |
||
| 350 | _a350 | ||
| 650 |
_aLiterature _95532 |
||
| 942 |
_k491 _cBK _2ddc |
||
| 999 |
_c14154 _d14154 |
||